Devinez le personnage à partir d'images faite par une IA - Statistiques

Statistiques générales
  • Ce quiz a été pris 165 fois
  • Le résultat moyen est 12 sur 15
Statistiques - réponses
Par images Réponse % Correct
Bat-Man
99%
Blanche-Neige
96%
Peppa Pig
94%
Simba
94%
Aladdin
93%
Shrek
93%
Ariel
92%
Marge Simpson
90%
Raiponce
90%
Vaiana/Moana
87%
Scooby-Doo
83%
Fée Clochette
80%
Thomas
48%
Caillou
43%
Cookie Monster
15%
Aucun quiz correspondant
Distribution des résultats
% des personnes avec chaque résultat
Percentile par nombre de réponses
Votre historique - résultats
Vous n’avez pas pris ce quiz